What Russian Monarch? - Statistics

General Stats
  • This quiz has been taken 32 times
  • The average score is 8 of 15
Answer Stats
Which Russian Monarch... Monarch % Correct
Founded the city of St Petersburg. Peter the Great
100%
Was the first person to officially adopt the title of Tsar. Ivan the Terrible
95%
Was shot by the Bolsheviks. Nicholas II
84%
Was not Russian. Catherine the Great
68%
Was known as '' the peacemaker ''. Alexander III
63%
Was known as '' the savior of Europe ''. Alexander I
58%
Was the founder of the Romanov Dynasty. Michael I
47%
Was the only Monarch that lasted for 5 months. Peter III
42%
Was the founder of the Godunov Dynasty Boris
37%
Died of a stroke during the Seven Years' War. Elizabeth
37%
Was the only son of the above that became Tsar. Feodor I
37%
Was assassinated in his bedchamber. Paul I
37%
Claimed to be Ivan's son when she was not. False Dmitry
32%
Captured Smolensk and Kyiv from Poland Alexis
11%
Learned Polish and Latin Feodor III
11%
No matching quizzes found
Score Distribution
Percent of People with Each Score
Percentile by Number Answered
Your Score History
You have not taken this quiz